banner-ar

ثورة الاتصال: نشاة ايديولوجية جديدة / (Record no. 35121)

MARC details
000 -الفاتح
حقل البيانات ثابتة الطول 00727nam a2200229Ia 4500
008 - عناصر البيانات ثابتة الطول - معلومات عامة
حقل البيانات ثابتة الطول 140319s9999 xx 000 0 ara d
040 ## - مصدر الفهرسة
وكالة الفهرسة الأصلية GCL /
وكالة النسخ GCL
082 04 - رقم تصنيف ديوى العشرى
رقم التصنيف 001.5
رقم المادة ب ث
100 1# - المدخل الرئيسى - إسم شخصى
الإسم الشخصى خليل صابات
245 10 - بيان العنوان
العنوان ثورة الاتصال: نشاة ايديولوجية جديدة /
بيان المسئوليه,etc خليل صابات
700 1# - المدخل الاضافى - اسم شخصى
الإسم الشخصى يروتون، فيليب
700 1# - المدخل الاضافى - اسم شخصى
الإسم الشخصى برو، سيرج
700 1# - المدخل الاضافى - اسم شخصى
الإسم الشخصى هالة عبدالرؤوف مراد
260 ## - PUBLICATION, DISTRIBUTION, ETC. (IMPRINT)
تاريخ النشر أو التوزيع 1993
300 ## - الوصف المادى
التعداد 277 ص
490 ## - بيان السلسلة
عنوان السلسلة المكتبة العالمية
رقم المجلد/ التعيين التسلسلي 0
650 04 - المدخل الاضافى بالموضوع-مصطلح موضوعى
مصطلح موضوعي الاتصال
650 04 - المدخل الاضافى بالموضوع-مصطلح موضوعى
مصطلح موضوعي الاعلام
650 04 - المدخل الاضافى بالموضوع-مصطلح موضوعى
مصطلح موضوعي وسائل الاعلام
942 ## - عناصر المدخل الإضافي( كوها)
مصدر التصنيف او مخطط الترفيف Dewey Decimal Classification
Koha [default] item type كتاب
260 ## - PUBLICATION, DISTRIBUTION, ETC. (IMPRINT)
-- [S.N] :
-- دار المستقبل العربى ،
Holdings
حالة التراجع حالة الفقد حالة تلف ليس للاعارة المكان المؤقت الموقع الحالى تاريخ الاكتساب اجمالي اﻻعارات رقم الطلب الباركود تاريخ اخر مشاهدة تاريخ تفعيل السعر نوع وعاء كوها
        مكتبة القاهرة الكبرى مكتبة القاهرة الكبرى 03/26/2014   001.5\ب ث 85364 03/26/2014 03/26/2014 كتاب
        مكتبة القاهرة الكبرى مكتبة القاهرة الكبرى 03/26/2014   001.5\ب ث 85365 03/26/2014 03/26/2014 كتاب

Powered By

EGPV